000
00208 a2200097 4500
001
21570
100
_a
Churchill, W D
245
_a
The second world war No.3
260
_a
_b
Cassell
_c
090
_c
15146
_d
15146
942
_a
NUST-CAE
_c
M
_c
5721
999
_c
256643
_d
256643